[Event "Titled Tuesday intern op 12th Sep Late"]
[Site "Chess.com INT"]
[Date "2023.09.12"]
[Round "2"]
[White "Salazar Farias, Luis German"]
[Black "Vila Dupla, Aurelio"]
[Result "1-0"]
[WhiteElo "2269"]
[BlackElo "2030"]
[PlyCount "67"]
[EventDate "2023.09.12"]
[EventType "swiss (blitz)"]
[EventRounds "11"]
[EventCountry "USA"]
[SourceTitle "EXT 2024"]
[Source "ChessBase"]
[SourceDate "2023.10.10"]
[SourceVersion "1"]
[SourceVersionDate "2023.10.10"]
[SourceQuality "1"]

1. c4 Nf6 2. g3 c6 3. Bg2 d5 4. Nf3 g6 5. b3 Bg7 6. Bb2 0-0 7. 0-0 a5 8. d3 a4 9. Na3 axb3 10. axb3 Na6 11. Nc2 Be6 12. Ng5 Bd7 13. cxd5 cxd5 14. e4 h6 15. Nf3 dxe4 16. dxe4 Bc6 17. e5 Nd5 18. Ncd4 Ndb4 19. Nxc6 Nxc6 20. Qe2 Qc7 21. e6 f6 22. Nh4 g5 23. Nf5 Nc5 24. Qh5 Nxe6 25. Bd5 Kh7 26. Bxe6 Rxa1 27. Bxa1 Ne5 28. Nxg7 Kxg7 29. Bf5 Rg8 30. Bxe5 Qxe5 31. Qg6+ Kf8 32. Qxh6+ Ke8 33. Qh7 Rf8 34. Rd1 1-0

[Event "Titled Tuesday intern op 22nd Aug Late"]
[Site "Chess.com INT"]
[Date "2023.08.22"]
[Round "4"]
[White "Kleiman, Jake"]
[Black "Salazar Farias, Luis German"]
[Result "1-0"]
[WhiteElo "2399"]
[BlackElo "2269"]
[PlyCount "93"]
[EventDate "2023.08.22"]
[EventType "swiss (blitz)"]
[EventRounds "11"]
[EventCountry "USA"]
[SourceTitle "EXT 2024"]
[Source "ChessBase"]
[SourceDate "2023.10.10"]
[SourceVersion "1"]
[SourceVersionDate "2023.10.10"]
[SourceQuality "1"]

1. e4 c6 2. Nc3 d5 3. Nf3 dxe4 4. Nxe4 Nf6 5. Qe2 Nxe4 6. Qxe4 Nd7 7. Bc4 Nf6 8. Ne5 e6 9. Qe2 b5 10. Bb3 Qc7 11. d4 Bd6 12. 0-0 0-0 13. Bf4 a5 14. a4 bxa4 15. Bc4 c5 16. Rfd1 Nd5 17. Bg3 cxd4 18. Rxd4 Bb7 19. Bd3 f5 20. Nc4 Bxg3 21. Qxe6+ Kh8 22. hxg3 Rae8 23. Qd6 Qc8 24. Rxd5 Rd8 25. Rc5 Qa8 26. Qe5 Bxg2 27. Rc7 Rg8 28. Nd6 Bd5 29. Qxd5 Qxd5 30. Nf7+ Qxf7 31. Rxf7 g6 32. Rxa4 Rd5 33. Ra7 Rb8 34. b3 Rdb5 35. Bxb5 Rxb5 36. R4xa5 Rxa5 37. Rxa5 Kg7 38. Rd5 Kf6 39. b4 h5 40. b5 Kg5 41. Kg2 Kg4 42. f3+ Kg5 43. b6 h4 44. gxh4+ Kxh4 45. b7 f4 46. b8Q g5 47. Qh8# 1-0

[Event "Titled Tuesday intern op 22nd Aug Late"]
[Site "Chess.com INT"]
[Date "2023.08.22"]
[Round "3"]
[White "Kucza, Karol"]
[Black "Salazar Farias, Luis German"]
[Result "0-1"]
[WhiteElo "2343"]
[BlackElo "2269"]
[PlyCount "88"]
[EventDate "2023.08.22"]
[EventType "swiss (blitz)"]
[EventRounds "11"]
[EventCountry "USA"]
[SourceTitle "EXT 2024"]
[Source "ChessBase"]
[SourceDate "2023.10.10"]
[SourceVersion "1"]
[SourceVersionDate "2023.10.10"]
[SourceQuality "1"]

1. e4 c6 2. d4 d5 3. e5 Bf5 4. c4 e6 5. Nc3 Ne7 6. Nf3 Nd7 7. cxd5 Nxd5 8. Bd3 Bxd3 9. Qxd3 N7b6 10. 0-0 Be7 11. Ne4 h6 12. Bd2 0-0 13. Rae1 Rc8 14. g4 c5 15. g5 cxd4 16. Nf6+ gxf6 17. gxf6 Kh8 18. fxe7 Qxe7 19. Kh1 Rg8 20. Rg1 Nd7 21. Bxh6 Nb4 22. Qe4 Nc5 23. Qe2 b6 24. Ng5 Qb7+ 25. f3 Nbd3 26. Rd1 Rg6 27. Rxd3 Nxd3 28. Qxd3 Rxh6 29. Qe4 Qxe4 30. Nxf7+ Kh7 31. fxe4 Rg6 32. Rd1 Rcg8 33. h3 d3 34. h4 Rg3 35. Ng5+ R8xg5 36. hxg5 Kg6 37. Kh2 Re3 38. Kg2 Kxg5 39. Kf2 Kf4 40. Rh1 Re2+ 41. Kf1 Rxb2 42. Rh6 Rb1+ 43. Kf2 d2 44. Rf6+ Kxe5 0-1

[Event "Titled Tuesday intern op 22nd Aug Late"]
[Site "Chess.com INT"]
[Date "2023.08.22"]
[Round "6"]
[White "Mendez Fortes, Eduardo Jesus"]
[Black "Salazar Farias, Luis German"]
[Result "1-0"]
[WhiteElo "2231"]
[BlackElo "2269"]
[PlyCount "101"]
[EventDate "2023.08.22"]
[EventType "swiss (blitz)"]
[EventRounds "11"]
[EventCountry "USA"]
[SourceTitle "EXT 2024"]
[Source "ChessBase"]
[SourceDate "2023.10.10"]
[SourceVersion "1"]
[SourceVersionDate "2023.10.10"]
[SourceQuality "1"]

1. e4 c6 2. d4 d5 3. e5 Bf5 4. Nf3 e6 5. Be2 Ne7 6. Nbd2 Nd7 7. Nb3 h6 8. 0-0 Bh7 9. a4 Nf5 10. a5 a6 11. Ne1 Be7 12. g4 Nh4 13. Ng2 Nxg2 14. Kxg2 c5 15. c3 cxd4 16. cxd4 Rc8 17. Bd3 Bxd3 18. Qxd3 Qc7 19. Bd2 Qc2 20. Qxc2 Rxc2 21. Bc3 h5 22. Rae1 hxg4 23. Na1 Rxc3 24. bxc3 Kd8 25. Nc2 Nb8 26. Ne3 Nc6 27. Ra1 Kc7 28. Nxg4 g6 29. Ne3 Rb8 30. Rfd1 Kd7 31. c4 dxc4 32. Nxc4 Ke8 33. d5 exd5 34. Rxd5 Bb4 35. Rb1 Ke7 36. f4 Ke6 37. Rdd1 Rh8 38. Ne3 Rb8 39. Kf3 Bxa5 40. Rd6+ Ke7 41. Rxc6 Rh8 42. Rxb7+ Kf8 43. Rc8+ Kg7 44. Rxh8 Kxh8 45. Rxf7 Bd2 46. e6 Kg8 47. Nd5 Bc3 48. Nxc3 a5 49. Nd5 a4 50. Nf6+ Kh8 51. Rh7# 1-0

[Event "Titled Tuesday intern op 22nd Aug Late"]
[Site "Chess.com INT"]
[Date "2023.08.22"]
[Round "5"]
[White "Salazar Farias, Luis German"]
[Black "Badelka, Olga"]
[Result "1-0"]
[WhiteElo "2269"]
[BlackElo "2379"]
[PlyCount "197"]
[EventDate "2023.08.22"]
[EventType "swiss (blitz)"]
[EventRounds "11"]
[EventCountry "USA"]
[SourceTitle "EXT 2024"]
[Source "ChessBase"]
[SourceDate "2023.10.10"]
[SourceVersion "1"]
[SourceVersionDate "2023.10.10"]
[SourceQuality "1"]

1. d4 d5 2. c4 dxc4 3. Nf3 Nf6 4. e3 e6 5. Bxc4 a6 6. 0-0 c5 7. e4 b5 8. Be2 Nxe4 9. a4 b4 10. Nbd2 Bb7 11. Nxe4 Bxe4 12. Bf4 Nc6 13. dxc5 Qxd1 14. Rfxd1 Bd5 15. Rac1 f6 16. Nd4 g5 17. Nxc6 Bxc6 18. Bd6 Be7 19. Bxe7 Kxe7 20. Rd6 Rhc8 21. Bc4 Bd7 22. Rcd1 Ra7 23. Bxe6 Bxe6 24. Re1 Rxc5 25. Rexe6+ Kf7 26. Rxf6+ Kg7 27. h3 a5 28. Ra6 Rd7 29. Rf3 Rd2 30. b3 Rd7 31. Kh2 Re5 32. Rb6 Rc5 33. Ra6 Re5 34. Kg3 Rc5 35. Raf6 Re5 36. R6f5 Rdd5 37. Rxe5 Rxe5 38. Rd3 Rc5 39. f3 Rc3 40. Rd5 h6 41. Rxa5 Rxb3 42. Rb5 Rb2 43. a5 b3 44. a6 Ra2 45. Rxb3 Rxa6 46. Rb2 Kg6 47. Re2 Rc6 48. h4 Ra6 49. hxg5 hxg5 50. Kh3 Rb6 51. Kg3 Ra6 52. Re4 Rb6 53. Rg4 Kf5 54. Ra4 Rb5 55. Ra8 Rc5 56. Rg8 Rb5 57. Kh3 Ra5 58. Rf8+ Kg6 59. Re8 Kf5 60. Re4 Rb5 61. Kg3 Ra5 62. Kf2 Rb5 63. Re2 Ra5 64. Rd2 Rb5 65. Ke3 Ra5 66. g4+ Kf6 67. Kf2 Ra6 68. Re2 Rb6 69. Kg3 Ra6 70. Re8 Rb6 71. Rf8+ Kg6 72. Rf5 Ra6 73. Rd5 Rb6 74. Rd3 Ra6 75. f4 gxf4+ 76. Kxf4 Ra4+ 77. Kg3 Ra6 78. Kh4 Rb6 79. Rd8 Ra6 80. Rg8+ Kf7 81. Rg5 Rb6 82. Kh5 Rb1 83. Rf5+ Kg7 84. Kg5 Rb7 85. Rc5 Ra7 86. Kh5 Rb7 87. Rg5+ Kh7 88. Rg6 Ra7 89. g5 Ra1 90. Rh6+ Kg7 91. Rg6+ Kh7 92. Re6 Rh1+ 93. Kg4 Kg7 94. Re7+ Kf8 95. Ra7 Rb1 96. Kh5 Rb6 97. Rh7 Kg8 98. Rh6 Rb5 99. Rc6 1-0

[Event "Titled Tuesday intern op 08th Aug Late"]
[Site "Chess.com INT"]
[Date "2023.08.08"]
[Round "9"]
[White "Merino Garcia, Rafael"]
[Black "Salazar Farias, Luis German"]
[Result "0-1"]
[WhiteElo "2407"]
[BlackElo "2269"]
[PlyCount "86"]
[EventDate "2023.08.08"]
[EventType "swiss (blitz)"]
[EventRounds "11"]
[EventCountry "USA"]
[SourceTitle "EXT 2024"]
[Source "ChessBase"]
[SourceDate "2023.10.10"]
[SourceVersion "1"]
[SourceVersionDate "2023.10.10"]
[SourceQuality "1"]

1. d4 Nf6 2. Nf3 d5 3. g3 g6 4. Bg2 Bg7 5. 0-0 0-0 6. c4 dxc4 7. Na3 c3 8. bxc3 c5 9. Re1 Nc6 10. Nc4 Be6 11. Nce5 Bd5 12. Bb2 Qb6 13. Qc1 cxd4 14. cxd4 Rac8 15. Nd3 Nxd4 16. Bxd4 Rxc1 17. Bxb6 Rxa1 18. Rxa1 axb6 19. Rb1 Ra8 20. Rxb6 Rxa2 21. h3 Rxe2 22. Nf4 Bxf3 23. Nxe2 Bxe2 24. Rxb7 e6 25. Kh2 Bc4 26. f4 Bd5 27. Bxd5 Nxd5 28. Kg2 Bf8 29. Kf3 Kg7 30. Rb5 h5 31. Rb7 Bd6 32. Rd7 Bc7 33. g4 hxg4+ 34. hxg4 Bxf4 35. Rb7 g5 36. Rb5 Nf6 37. Rb7 Ng8 38. Rb5 Ne7 39. Rb7 Ng6 40. Rb5 Ne5+ 41. Kg2 Nxg4 42. Rb4 f5 43. Rb7+ Kf6 0-1

[Event "Titled Tuesday intern op 01st Aug Late"]
[Site "Chess.com INT"]
[Date "2023.08.01"]
[Round "11"]
[White "Salazar Farias, Luis German"]
[Black "Ambartsumova, Karina"]
[Result "0-1"]
[WhiteElo "2269"]
[BlackElo "2393"]
[PlyCount "64"]
[EventDate "2023.08.01"]
[EventType "swiss (blitz)"]
[EventRounds "11"]
[EventCountry "USA"]
[SourceTitle "EXT 2024"]
[Source "ChessBase"]
[SourceDate "2023.10.10"]
[SourceVersion "1"]
[SourceVersionDate "2023.10.10"]
[SourceQuality "1"]

1. d4 Nf6 2. c4 d6 3. Nc3 e5 4. Nf3 e4 5. Ng5 Qe7 6. Qc2 Bf5 7. f3 c6 8. Ngxe4 Nxe4 9. fxe4 Bg6 10. e3 Nd7 11. Bd3 Qh4+ 12. Qf2 Qe7 13. 0-0 Nf6 14. b3 0-0-0 15. Bd2 Kb8 16. Qf4 Ka8 17. Be1 Re8 18. Bh4 Qd7 19. Bxf6 gxf6 20. Qxf6 Bh6 21. Rae1 Rhg8 22. Kh1 Qg4 23. Qf3 Qh4 24. Qf2 Qe7 25. Qf3 Bg5 26. Bb1 Bh4 27. Re2 Qg5 28. Qf4 Qh5 29. b4 Bxe4 30. Bxe4 Bg3 31. Qxg3 Rxg3 32. Rf5 Qh6 0-1

[Event "Titled Tuesday intern op 18th Jul Late"]
[Site "Chess.com INT"]
[Date "2023.07.18"]
[Round "5"]
[White "Hernando Rodrigo, Julio Antonio"]
[Black "Salazar Farias, Luis German"]
[Result "1-0"]
[WhiteElo "2240"]
[BlackElo "2287"]
[PlyCount "117"]
[EventDate "2023.07.18"]
[EventType "swiss (blitz)"]
[EventRounds "11"]
[EventCountry "USA"]
[SourceTitle "EXT 2024"]
[Source "ChessBase"]
[SourceDate "2023.10.10"]
[SourceVersion "1"]
[SourceVersionDate "2023.10.10"]
[SourceQuality "1"]

1. d4 Nf6 2. c4 e6 3. Nf3 d5 4. g3 Bb4+ 5. Bd2 Be7 6. Bg2 0-0 7. 0-0 c6 8. b3 b6 9. Bc3 Bb7 10. Nbd2 Nbd7 11. Qc2 c5 12. e4 Nxe4 13. Nxe4 dxe4 14. Ne5 cxd4 15. Bxd4 Nc5 16. Rad1 Qc7 17. Bxc5 Bxc5 18. Nd7 e3 19. Nxf8 exf2+ 20. Kh1 Rxf8 21. b4 Bxg2+ 22. Kxg2 Qc6+ 23. Kh3 Bxb4 24. Qxf2 Bc5 25. Qf3 Qxf3 26. Rxf3 f5 27. Rd7 Rf7 28. Rd8+ Rf8 29. Rd7 Rf7 30. Rfd3 Rxd7 31. Rxd7 a5 32. Kh4 g6 33. Kg5 e5 34. Kf6 e4 35. Rd8+ Bf8 36. Rb8 e3 37. Re8 a4 38. Rxe3 Bg7+ 39. Ke6 Bd4 40. Ra3 Kg7 41. Rxa4 Kh6 42. Rb4 Bg1 43. Rb2 Kg5 44. h3 h5 45. Kf7 Bc5 46. a4 h4 47. gxh4+ Kh5 48. Rg2 f4 49. Rxg6 f3 50. Rf6 f2 51. Rf4 Be3 52. Rf3 Kxh4 53. Ke6 Bc5 54. Kd5 Be3 55. Kc6 Kg5 56. Kb5 Kh4 57. a5 bxa5 58. Kxa5 Kg5 59. Kb5 1-0

[Event "Titled Tuesday intern op 18th Jul Late"]
[Site "Chess.com INT"]
[Date "2023.07.18"]
[Round "8"]
[White "Salazar Farias, Luis German"]
[Black "Gerbelli Neto, Eduardo"]
[Result "1-0"]
[WhiteElo "2287"]
[BlackElo "2114"]
[PlyCount "123"]
[EventDate "2023.07.18"]
[EventType "swiss (blitz)"]
[EventRounds "11"]
[EventCountry "USA"]
[SourceTitle "EXT 2024"]
[Source "ChessBase"]
[SourceDate "2023.10.10"]
[SourceVersion "1"]
[SourceVersionDate "2023.10.10"]
[SourceQuality "1"]

1. d4 d5 2. c4 c6 3. Nc3 Nf6 4. e3 e6 5. Nf3 Nbd7 6. Bd3 dxc4 7. Bxc4 b5 8. Bd3 a6 9. e4 c5 10. e5 cxd4 11. Nxb5 axb5 12. exf6 gxf6 13. 0-0 Qb6 14. Bf4 Bd6 15. Bxd6 Qxd6 16. Bxb5 e5 17. Re1 0-0 18. Nh4 Nc5 19. b4 Ne6 20. Nf5 Qxb4 21. Bd3 Kh8 22. Qh5 Ng5 23. Rab1 Qd2 24. Qh6 Nf3+ 25. gxf3 Qxh6 26. Nxh6 Kg7 27. Nf5+ Kg8 28. Ne7+ Kg7 29. Nxc8 Rfxc8 30. Rb2 Rc3 31. Be4 Raa3 32. Reb1 Kh6 33. Kf1 Kg5 34. Bxh7 f5 35. h4+ Kf4 36. Rb3 Rxa2 37. Kg2 Rcc2 38. Rf1 e4 39. fxe4 fxe4 40. Rg3 f5 41. h5 e3 42. Rf3+ Ke5 43. Rxf5+ Ke6 44. Rf3 e2 45. Re1 Rd2 46. Bd3 Kd5 47. h6 Ra3 48. Rxe2 Rdxd3 49. Rxd3 Rxd3 50. h7 Re3 51. h8Q Rxe2 52. Qh5+ Re5 53. Qf3+ Re4 54. Qf5+ Re5 55. Qd7+ Ke4 56. Qa4 Rc5 57. Qd1 d3 58. Qd2 Rd5 59. Qe3+ Kf5 60. f3 d2 61. Qe4+ Kf6 62. Qxd5 1-0

[Event "Titled Tuesday intern op 18th Jul Late"]
[Site "Chess.com INT"]
[Date "2023.07.18"]
[Round "9"]
[White "Vlassov, Nikolai"]
[Black "Salazar Farias, Luis German"]
[Result "1-0"]
[WhiteElo "2283"]
[BlackElo "2287"]
[PlyCount "67"]
[EventDate "2023.07.18"]
[EventType "swiss (blitz)"]
[EventRounds "11"]
[EventCountry "USA"]
[SourceTitle "EXT 2024"]
[Source "ChessBase"]
[SourceDate "2023.10.10"]
[SourceVersion "1"]
[SourceVersionDate "2023.10.10"]
[SourceQuality "1"]

1. e4 c6 2. d4 d5 3. e5 c5 4. dxc5 e6 5. Nf3 Bxc5 6. a3 Nd7 7. b4 Be7 8. c4 dxc4 9. Bxc4 Nb6 10. Bd3 Bd7 11. 0-0 Bc6 12. Nc3 Nh6 13. Bxh6 gxh6 14. Qe2 Nd5 15. Nxd5 Qxd5 16. b5 Bd7 17. a4 f5 18. exf6 Bxf6 19. Rad1 Qh5 20. Rfe1 0-0-0 21. a5 Kb8 22. Qe4 Rhg8 23. Qf4+ Ka8 24. a6 Bc8 25. Be4 Qf7 26. axb7+ Bxb7 27. Bxb7+ Kxb7 28. Ne5 Qg7 29. Qe4+ Rd5 30. Rxd5 exd5 31. Qxd5+ Kb8 32. Nd7+ Kc7 33. Nxf6 Rf8 34. Qc6+ 1-0

[Event "Titled Tuesday intern op 11th Jul Late"]
[Site "Chess.com INT"]
[Date "2023.07.11"]
[Round "1"]
[White "Riehle, Marco"]
[Black "Salazar Farias, Luis German"]
[Result "0-1"]
[WhiteElo "2368"]
[BlackElo "2287"]
[PlyCount "178"]
[EventDate "2023.07.11"]
[EventType "swiss (blitz)"]
[EventRounds "11"]
[EventCountry "USA"]
[SourceTitle "EXT 2024"]
[Source "ChessBase"]
[SourceDate "2023.10.10"]
[SourceVersion "1"]
[SourceVersionDate "2023.10.10"]
[SourceQuality "1"]

1. e4 c6 2. c4 d5 3. cxd5 cxd5 4. exd5 Nf6 5. Nc3 Nxd5 6. Nf3 e6 7. d4 Bb4 8. Bd2 0-0 9. Bd3 Nc6 10. 0-0 h6 11. a3 Bd6 12. Nxd5 exd5 13. h3 Qf6 14. Bc3 Bf5 15. Re1 Rfe8 16. Bxf5 Qxf5 17. Qb3 Qd7 18. Rad1 Rac8 19. Ne5 Bxe5 20. dxe5 d4 21. Qa4 Rcd8 22. f4 Qf5 23. Bd2 h5 24. Qb3 Rd7 25. Qf3 d3 26. Qe4 Nd4 27. Qxf5 Nxf5 28. Kf2 h4 29. Rc1 g6 30. Rc3 Kg7 31. Rec1 Red8 32. Rc7 Kf8 33. Rxd7 Rxd7 34. Rc8+ Kg7 35. Rc3 Kf8 36. b4 Ke7 37. a4 Ke6 38. b5 Rd4 39. a5 Rd5 40. Rb3 Kd7 41. a6 b6 42. Rb4 Ke6 43. Rc4 Kd7 44. Rb4 Nd4 45. g4 hxg3+ 46. Kxg3 Nxb5 47. Kf3 Nc7 48. Ke4 Rb5 49. Rd4+ Ke8 50. Rxd3 Nxa6 51. Ra3 Nc5+ 52. Kd4 a5 53. Be3 Rb3 54. Ra2 Rd3+ 55. Kc4 Rxe3 56. Rb2 Re4+ 57. Kd5 Rxf4 58. Rxb6 Ne6 59. Rb8+ Ke7 60. Rb7+ Kf8 61. Ra7 a4 62. Ra8+ Kg7 63. Kd6 Rh4 64. Ke7 Rxh3 65. Rxa4 Re3 66. Ra5 Ng5 67. Kd6 Nf3 68. Ra1 Rxe5 69. Rf1 Rf5 70. Rd1 g5 71. Rh1 Kg6 72. Rh8 g4 73. Rg8+ Kh5 74. Ke7 Kh4 75. Rh8+ Rh5 76. Kf8 g3 77. Rg8 Rg5 78. Rh8+ Kg4 79. Rh7 g2 80. Rxf7 g1Q 81. Rd7 Qc5+ 82. Ke8 Re5+ 83. Kf7 Rf5+ 84. Kg6 Nh4+ 85. Kh7 Qc2 86. Kg8 Qc8+ 87. Kg7 Qxd7+ 88. Kh6 Qe6+ 89. Kh7 Rf7+ 0-1

[Event "Titled Tuesday intern op 11th Jul Late"]
[Site "Chess.com INT"]
[Date "2023.07.11"]
[Round "9"]
[White "Salazar Farias, Luis German"]
[Black "Bjelobrk, Igor"]
[Result "1/2-1/2"]
[WhiteElo "2287"]
[BlackElo "2403"]
[PlyCount "97"]
[EventDate "2023.07.11"]
[EventType "swiss (blitz)"]
[EventRounds "11"]
[EventCountry "USA"]
[SourceTitle "EXT 2024"]
[Source "ChessBase"]
[SourceDate "2023.10.10"]
[SourceVersion "1"]
[SourceVersionDate "2023.10.10"]
[SourceQuality "1"]

1. d4 e6 2. c4 b6 3. e4 Bb7 4. Nc3 Bb4 5. Qc2 f5 6. exf5 Nf6 7. fxe6 0-0 8. Nf3 Bxf3 9. gxf3 Nc6 10. Be3 dxe6 11. 0-0-0 Qe7 12. Ne4 Rad8 13. Nxf6+ Qxf6 14. Qe4 Na5 15. Bd3 g6 16. h4 Qf5 17. h5 Qxe4 18. fxe4 Nc6 19. hxg6 hxg6 20. e5 Nxd4 21. Bxg6 Nf3 22. Bh7+ Kf7 23. Be4 Rxd1+ 24. Kxd1 Nxe5 25. Rh7+ Kf6 26. Rxc7 Rf7 27. Rxf7+ Kxf7 28. b3 Ng4 29. Bd4 e5 30. Be3 Nxe3+ 31. fxe3 Ke6 32. Ke2 a5 33. Kf3 Kd6 34. Ke2 Bc5 35. Kd3 Ke6 36. Bh7 Kd6 37. Ke4 Bb4 38. Bg8 Bc5 39. Kd3 Bb4 40. Bd5 Bc5 41. a4 Bb4 42. e4 Bc5 43. Bf7 Bb4 44. Be8 Bc5 45. Bb5 Bb4 46. Ba6 Bc5 47. Bb5 Bb4 48. Ba6 Bc5 49. Bb5 1/2-1/2

[Event "Titled Tuesday intern op 11th Jul Late"]
[Site "Chess.com INT"]
[Date "2023.07.11"]
[Round "2"]
[White "Salazar Farias, Luis German"]
[Black "Fedoseev, Vladimir1111"]
[Result "0-1"]
[WhiteElo "2287"]
[BlackElo "2676"]
[PlyCount "120"]
[EventDate "2023.07.11"]
[EventType "swiss (blitz)"]
[EventRounds "11"]
[EventCountry "USA"]
[SourceTitle "EXT 2024"]
[Source "ChessBase"]
[SourceDate "2023.10.10"]
[SourceVersion "1"]
[SourceVersionDate "2023.10.10"]
[SourceQuality "1"]

1. d4 Nf6 2. c4 e6 3. Nf3 b6 4. g3 Ba6 5. Qc2 Bb7 6. Bg2 Bb4+ 7. Bd2 c5 8. 0-0 0-0 9. Bxb4 cxb4 10. a3 bxa3 11. Nxa3 Nc6 12. Nb5 d5 13. Rfd1 a6 14. cxd5 Nb4 15. Qb3 Nbxd5 16. Nc3 b5 17. Ne5 Nxc3 18. Qxc3 Bxg2 19. Kxg2 Qd5+ 20. Qf3 Ne4 21. Rac1 f6 22. Nc6 Rf7 23. Nb4 Qb7 24. d5 Ng5 25. Qd3 Rd7 26. h4 Nf7 27. e4 Ne5 28. Qb3 Nc4 29. Nc6 Re8 30. Kg1 h5 31. Qf3 exd5 32. Qxh5 Rxe4 33. Nd4 Nxb2 34. Re1 Rde7 35. Rxe4 Rxe4 36. Nf5 Nc4 37. Qg6 Kf8 38. h5 Qf7 39. Qh7 Re5 40. Nh4 Qxh5 41. Ng6+ Kf7 42. Nxe5+ Qxe5 43. Qd3 a5 44. Rd1 Nb2 45. Qc2 Nxd1 46. Qxd1 b4 47. Qc1 Qc3 48. Qd1 Qc4 49. Qh5+ Ke7 50. Qg6 b3 51. Qxg7+ Ke6 52. Qg8+ Ke5 53. Qe8+ Kd6 54. Qf8+ Kc7 55. Qe7+ Kb6 56. Qd8+ Kb5 57. Qd7+ Kb4 58. Qd6+ Ka4 59. Qxf6 Qc1+ 60. Kg2 b2 0-1

[Event "Mexican op 63rd"]
[Site "Leon"]
[Date "2017.04.14"]
[Round "6"]
[White "Salazar Farias, Luis German"]
[Black "Lopez Raygoza, Luis Alberto"]
[Result "1/2-1/2"]
[WhiteElo "2296"]
[BlackElo "2250"]
[PlyCount "110"]
[EventDate "2017.04.11"]
[EventType "swiss"]
[EventRounds "9"]
[EventCountry "MEX"]
[SourceTitle "CBM 177 Extra"]
[Source "ChessBase"]
[SourceDate "2017.04.27"]
[SourceVersion "1"]
[SourceVersionDate "2017.04.27"]
[SourceQuality "1"]

1. e4 e5 2. Nf3 Nc6 3. Bc4 Bc5 4. c3 Nf6 5. d3 d6 6. Nbd2 a6 7. Bb3 Ba7 8. h3 0-0 9. Nf1 Ne7 10. Bg5 Ng6 11. Nh4 Nf4 12. Qf3 Ne6 13. Be3 Nc5 14. Bxc5 Bxc5 15. 0-0-0 Ne8 16. Nf5 Bxf5 17. exf5 c6 18. d4 exd4 19. cxd4 Ba7 20. Ne3 d5 21. g4 Nd6 22. h4 Qe7 23. Bc2 Nb5 24. f6 Qxf6 25. Qxf6 gxf6 26. Nf5 Bb8 27. g5 Bf4+ 28. Kb1 Nd6 29. gxf6 Nxf5 30. Rhg1+ Kh8 31. Bxf5 Rg8 32. Kc2 Raf8 33. Kd3 Bc7 34. Rg5 Rxg5 35. hxg5 Rg8 36. Rh1 Rxg5 37. Rxh7+ Kg8 38. Rg7+ Rxg7 39. fxg7 b6 40. Bc8 a5 41. Bb7 Kxg7 42. Bxc6 Kf6 43. Bxd5 Ke7 44. Kc4 f6 45. Be4 Kd6 46. f4 Bd8 47. Kb5 Kc7 48. Kc4 Kd6 49. a4 Be7 50. Bf5 Bd8 51. Kd3 Be7 52. Ke4 Bd8 53. Bc8 Bc7 54. Kf5 Ke7 55. Bb7 Bd8 1/2-1/2

[Event "Bridgetown sub zt 2.3.5"]
[Site "Bridgetown"]
[Date "2016.05.02"]
[Round "9"]
[White "Farley, Terry"]
[Black "Salazar Farias, Luis German"]
[Result "1/2-1/2"]
[WhiteElo "2225"]
[BlackElo "2257"]
[PlyCount "65"]
[EventDate "2016.04.28"]
[EventType "swiss"]
[EventRounds "9"]
[EventCountry "BAR"]
[SourceTitle "CBM 172 Extra"]
[Source "ChessBase"]
[SourceDate "2016.06.21"]
[SourceVersion "1"]
[SourceVersionDate "2016.06.21"]
[SourceQuality "1"]

1. c4 e5 2. Nc3 Nc6 3. g3 g6 4. Bg2 Bg7 5. Nf3 Nge7 6. d3 0-0 7. 0-0 d6 8. Rb1 f5 9. Bd2 a5 10. a3 h6 11. b4 axb4 12. axb4 Nd4 13. Ne1 g5 14. e3 Ne6 15. Nd5 c6 16. Nxe7+ Qxe7 17. b5 c5 18. Nc2 f4 19. Bc3 Qf6 20. Bd5 Kh8 21. b6 Ra2 22. Ra1 Rxa1 23. Nxa1 Nd8 24. Qf3 g4 25. Qe2 f3 26. Qd2 Be6 27. Nc2 Qf7 28. e4 Qh5 29. Ra1 Qh3 30. Ne3 Bxd5 31. cxd5 Bf6 32. Qe1 Bg5 33. Qf1 1/2-1/2

[Event "Caracas FVA 80th Ann"]
[Site "Caracas"]
[Date "2015.12.20"]
[Round "8"]
[White "Pinero Rodriguez, Carlos Jose"]
[Black "Salazar Farias, Luis German"]
[Result "1-0"]
[WhiteElo "2252"]
[BlackElo "2249"]
[PlyCount "89"]
[EventDate "2015.12.16"]
[EventType "swiss"]
[EventRounds "8"]
[EventCountry "VEN"]
[SourceTitle "EXT 2018"]
[Source "ChessBase"]
[SourceDate "2017.10.13"]
[SourceVersion "1"]
[SourceVersionDate "2017.10.13"]
[SourceQuality "1"]

1. Nf3 Nf6 2. g3 b6 3. Bg2 Bb7 4. 0-0 e6 5. d3 d5 6. Nbd2 Be7 7. Re1 0-0 8. c3 c5 9. Qc2 Nc6 10. e4 Re8 11. e5 Nd7 12. Nf1 Qc7 13. Qe2 b5 14. h4 b4 15. c4 dxc4 16. dxc4 Nd4 17. Nxd4 cxd4 18. Bf4 Bxg2 19. Kxg2 Nc5 20. Rad1 Rad8 21. Nd2 Qc6+ 22. Qf3 Qa6 23. Ra1 Rd7 24. b3 Red8 25. Red1 Qb6 26. Ne4 a5 27. Nxc5 Bxc5 28. Rd3 a4 29. h5 Ra7 30. Rad1 axb3 31. axb3 Rda8 32. h6 g6 33. Bg5 Qb7 34. Qxb7 Rxb7 35. Rxd4 Bxd4 36. Rxd4 Rc8 37. Rd6 Kf8 38. Kf3 Ke8 39. Ke4 Rcb8 40. c5 Rc7 41. Be3 Rd7 42. c6 Rc7 43. Kd4 Rb5 44. f4 Rb8 45. Kc5 1-0

[Event "Caracas FVA 80th Ann"]
[Site "Caracas"]
[Date "2015.12.20"]
[Round "7"]
[White "Salazar Farias, Luis German"]
[Black "Torres Torcat, Darwin"]
[Result "1-0"]
[WhiteElo "2249"]
[BlackElo "2044"]
[PlyCount "95"]
[EventDate "2015.12.16"]
[EventType "swiss"]
[EventRounds "8"]
[EventCountry "VEN"]
[SourceTitle "EXT 2018"]
[Source "ChessBase"]
[SourceDate "2017.10.13"]
[SourceVersion "1"]
[SourceVersionDate "2017.10.13"]
[SourceQuality "1"]

1. e4 e6 2. d4 d5 3. Bd3 dxe4 4. Bxe4 Nf6 5. Bf3 c5 6. Ne2 cxd4 7. Qxd4 Qxd4 8. Nxd4 a6 9. 0-0 Bc5 10. Nb3 Ba7 11. Na5 Nd5 12. c4 Bb6 13. Bd2 Bxa5 14. Bxa5 Ne7 15. Rd1 Nbc6 16. Bb6 0-0 17. Nc3 Ne5 18. Bc5 N5g6 19. Na4 e5 20. Nb6 Bf5 21. Nxa8 e4 22. Bh5 Rxa8 23. Bxe7 Nxe7 24. Rd6 g6 25. Be2 Nc6 26. Rad1 Kg7 27. f3 e3 28. g4 Be6 29. R6d3 Bxc4 30. Rxe3 Be6 31. b3 b5 32. Bd3 Rc8 33. Be4 Nb4 34. a3 Nc2 35. Bxc2 Rxc2 36. b4 Rc6 37. Red3 a5 38. g5 axb4 39. axb4 Rc2 40. R1d2 Rc1+ 41. Kf2 Rb1 42. Rd4 Bc4 43. Re4 Rxb4 44. Re8 h6 45. h4 hxg5 46. hxg5 Rb1 47. Red8 Rf1+ 48. Kg2 1-0

[Event "Caracas FVA 80th Ann"]
[Site "Caracas"]
[Date "2015.12.16"]
[Round "2"]
[White "Aponte Montes de Oca, Oriana Isabel"]
[Black "Salazar Farias, Luis German"]
[Result "0-1"]
[WhiteElo "1932"]
[BlackElo "2249"]
[PlyCount "92"]
[EventDate "2015.12.16"]
[EventType "swiss"]
[EventRounds "8"]
[EventCountry "VEN"]
[SourceTitle "EXT 2018"]
[Source "ChessBase"]
[SourceDate "2017.10.13"]
[SourceVersion "1"]
[SourceVersionDate "2017.10.13"]
[SourceQuality "1"]

1. e4 c5 2. Nf3 Nc6 3. d4 cxd4 4. Nxd4 g6 5. c4 Bg7 6. Nc2 Nf6 7. Nc3 0-0 8. Be2 d6 9. 0-0 Be6 10. Bd2 a5 11. Rc1 Nd7 12. Na3 Nc5 13. Nab5 Ne5 14. b3 Ned3 15. Rb1 Ne5 16. Be3 Nc6 17. Bg5 Qc8 18. Be3 Ne5 19. Nd5 Bxd5 20. exd5 Qf5 21. Bd4 h5 22. f4 Ned3 23. Bxg7 Kxg7 24. Qd2 Nb4 25. Nd4 Qf6 26. f5 Nbd3 27. Qc3 Ne5 28. fxg6 Qxg6 29. Nf5+ Kh8 30. Nxe7 Qe4 31. Bxh5 Qh4 32. Bg6 Qh6 33. Rf3 fxg6 34. Rh3 Qxh3 35. Qxh3+ Kg7 36. g4 Rae8 37. Nf5+ gxf5 38. gxf5 Rh8 39. Qc3 Kf7 40. Qxa5 Reg8+ 41. Kf1 Rxh2 42. Qc7+ Kf6 43. Qxd6+ Kxf5 44. Qxc5 Rh1+ 45. Ke2 Rg2+ 46. Ke3 Rh3+ 0-1